[Event "Europa ch 2014"]
[Site "Yerevan ARM"]
[Date "2014.03.12"]
[Round "9.25"]
[White "Riazantsev, Alexander"]
[Black "Jianu, Vlad-Cristian"]
[Result "1/2-1/2"]
[WhiteElo "2689"]
[BlackElo "2574"]
[PlyCount "81"]
[EventDate "2014.03.03"]
[EventType "swiss"]
[EventRounds "11"]
[EventCountry "ARM"]
[Source "lmi"]
[SourceDate "2014.03.02"]

1. d4 Nf6 2. c4 e6 3. Nf3 c5 4. d5 d6 5. Nc3 exd5 6. cxd5 g6 7. Bf4 a6 8. a4
Bg7 9. h3 O-O 10. e3 Ne8 11. Be2 Nd7 12. O-O Rb8 13. Re1 b6 14. e4 Ne5 15. Bf1
Nc7 16. Nxe5 Bxe5 17. Qd2 Re8 18. Rab1 a5 19. Bc4 f6 20. Bh2 Bd7 21. Ra1 Qe7
22. f4 Bd4+ 23. Kh1 Qg7 24. Qd3 Kh8 25. Ne2 Bxb2 26. Rab1 b5 27. axb5 Bxb5 28.
Bxb5 Rxb5 29. e5 fxe5 30. fxe5 c4 31. Qxc4 Rb4 32. Qc6 Bxe5 33. Rxb4 axb4 34.
Ng1 Rd8 35. Bxe5 dxe5 36. d6 Ne8 37. Nf3 Nxd6 38. Nxe5 Nf5 39. Qb6 Rf8 40. Qxb4
Ng3+ 41. Kh2 1/2-1/2

[Event "Europa ch 2014"]
[Site "Yerevan ARM"]
[Date "2014.03.12"]
[Round "9.26"]
[White "Golod, Vitali"]
[Black "Cheparinov, Ivan"]
[Result "0-1"]
[WhiteElo "2573"]
[BlackElo "2681"]
[PlyCount "238"]
[EventDate "2014.03.03"]
[EventType "swiss"]
[EventRounds "11"]
[EventCountry "ARM"]
[Source "lmi"]
[SourceDate "2014.03.02"]

1. d4 Nf6 2. c4 g6 3. Nc3 Bg7 4. e4 d6 5. Be2 O-O 6. Nf3 e5 7. d5 a5 8. O-O Na6
9. Bg5 h6 10. Be3 Ng4 11. Bd2 f5 12. exf5 gxf5 13. g3 e4 14. Nh4 Ne5 15. Ng2
Nc5 16. Nf4 Kh7 17. Qc2 Bd7 18. b3 Qe7 19. Rab1 Rae8 20. Rbe1 Qf7 21. Nb5 Bxb5
22. cxb5 Ncd3 23. Rd1 Nxf4 24. Bxf4 Re7 25. f3 exf3 26. Bxf3 Qg6 27. Kh1 Nxf3
28. Rxf3 Rfe8 29. Bd2 Re4 30. Rdf1 Re2 31. R1f2 R8e5 32. Rxe2 Rxe2 33. Qd3 Re4
34. Bxa5 Rd4 35. Qe2 b6 36. Bc3 Rxd5 37. Re3 Bxc3 38. Rxc3 Rc5 39. Rxc5 dxc5
40. Qe7+ Qg7 41. Qxg7+ Kxg7 42. Kg2 Kf6 43. Kf3 Ke5 44. Ke3 Kd5 45. Kf4 Ke6 46.
h3 Kf6 47. g4 fxg4 48. Kxg4 Kg6 49. h4 Kf6 50. a4 Ke5 51. Kh5 Kd4 52. Kxh6 Kc3
53. h5 Kxb3 54. Kg7 c4 55. h6 c3 56. h7 c2 57. h8=Q c1=Q 58. Qa8 Qa1+ 59. Kg6
Qxa4 60. Qf3+ Kb4 61. Qf4+ Kxb5 62. Qxc7 Qe4+ 63. Kg7 Qd4+ 64. Kh7 Kb4 65. Qc2
b5 66. Qb1+ Kc5 67. Qf5+ Qd5 68. Qf2+ Kc6 69. Qe1 Kd7 70. Qa5 Qc5 71. Kg6 Ke6
72. Qa6+ Ke5 73. Qf6+ Ke4 74. Qh4+ Kd3 75. Qh3+ Kc2 76. Qg2+ Kb1 77. Kf7 b4 78.
Qe4+ Kb2 79. Qe2+ Qc2 80. Qe5+ Qc3 81. Qe2+ Ka3 82. Qa6+ Kb3 83. Kf8 Qc5+ 84.
Ke8 Qc4 85. Qg6 Ka4 86. Kf8 b3 87. Qe8+ Qb5 88. Qa8+ Kb4 89. Qe4+ Ka3 90. Qe3
Qb4+ 91. Kg7 Ka2 92. Qe6 Qc3+ 93. Kg8 Qd3 94. Qf7 Qd8+ 95. Kh7 Qd4 96. Qe6 Ka3
97. Qa6+ Kb4 98. Qb7+ Kc3 99. Qc7+ Kd2 100. Qh2+ Kc1 101. Qc7+ Kd1 102. Qg3 b2
103. Qf3+ Kd2 104. Qg2+ Kc3 105. Qc6+ Qc4 106. Qf6+ Kc2 107. Qf2+ Kb1 108. Qe1+
Qc1 109. Qb4 Qc7+ 110. Kg8 Qg3+ 111. Kh7 Qd3+ 112. Kg8 Ka2 113. Qa5+ Qa3 114.
Qd2 Qg3+ 115. Kh7 Qh4+ 116. Kg8 Qg4+ 117. Kh7 Qe4+ 118. Kg8 Kb3 119. Qd1+ Kc3
0-1

[Event "Europa ch 2014"]
[Site "Yerevan ARM"]
[Date "2014.03.12"]
[Round "9.28"]
[White "Ter-Sahakyan, Samvel"]
[Black "Grachev, Boris"]
[Result "1/2-1/2"]
[WhiteElo "2572"]
[BlackElo "2675"]
[PlyCount "131"]
[EventDate "2014.03.03"]
[EventType "swiss"]
[EventRounds "11"]
[EventCountry "ARM"]
[Source "lmi"]
[SourceDate "2014.03.02"]

1. e4 c5 2. Nf3 e6 3. d4 cxd4 4. Nxd4 Nc6 5. Nc3 a6 6. Be2 Qc7 7. O-O b5 8.
Nxc6 dxc6 9. f4 Bb7 10. e5 Nh6 11. Be3 Nf5 12. Bf2 Rd8 13. Bd3 c5 14. Qe2 Be7
15. Be4 Nd4 16. Bxd4 cxd4 17. Nd1 Bxe4 18. Qxe4 O-O 19. Nf2 d3 20. cxd3 Bc5 21.
Qe2 Rd4 22. g3 Qb7 23. h4 Rd7 24. Kh2 Bxf2 25. Rxf2 Qd5 26. h5 Rc8 27. Rd1 Qxa2
28. h6 g6 29. Qg4 Qa4 30. Rfd2 Qb4 31. d4 Rd5 32. Qg5 Qf8 33. Ra1 Rc6 34. Kh3
f6 35. Qxf6 Qxf6 36. exf6 Kf7 37. b3 Kxf6 38. Kg4 g5 39. Rda2 gxf4 40. gxf4
Rdd6 41. Ra3 Kg6 42. R3a2 Kf6 43. Ra3 Kf7 44. R3a2 Kg6 45. Rd2 Rc3 46. Rda2
Rcc6 47. Rd2 Rc3 48. Rda2 Rxd4 49. Rxa6 Re3 50. Rb6 Ree4 51. Rxb5 Rxf4+ 52. Kg3
Rg4+ 53. Kh3 Rge4 54. Rg1+ Kxh6 55. Rg3 e5 56. Rb7 Rh4+ 57. Kg2 Rhg4 58. Re7
Rd2+ 59. Kh3 Rxg3+ 60. Kxg3 Rd5 61. Kg4 Rb5 62. Re6+ Kg7 63. Kf5 Rxb3 64. Rxe5
Rg3 65. Kf4 Rg6 66. Rg5 1/2-1/2

[Event "Europa ch 2014"]
[Site "Yerevan ARM"]
[Date "2014.03.12"]
[Round "9.29"]
[White "Bartel, Mateusz"]
[Black "Grigoryan, Karen H"]
[Result "1-0"]
[WhiteElo "2662"]
[BlackElo "2572"]
[PlyCount "95"]
[EventDate "2014.03.03"]
[EventType "swiss"]
[EventRounds "11"]
[EventCountry "ARM"]
[Source "lmi"]
[SourceDate "2014.03.02"]

1. e4 c5 2. Nf3 Nc6 3. Nc3 e5 4. Bc4 Be7 5. Nd5 Nf6 6. Nxe7 Qxe7 7. d3 d6 8. c3
Be6 9. Bb5 h6 10. O-O O-O 11. h3 a6 12. Bxc6 bxc6 13. Re1 Rfe8 14. Qc2 Qb7 15.
Bd2 c4 16. dxc4 Bxc4 17. b3 Be6 18. c4 c5 19. Ba5 Bd7 20. Nh4 Re6 21. Nf5 Bc6
22. f3 Nh5 23. Rad1 Qd7 24. Rd2 g6 25. Nxh6+ Kg7 26. Ng4 Qe7 27. Bc3 Rh8 28.
Red1 Kg8 29. Kh2 Nf4 30. Rxd6 Rxd6 31. Rxd6 Qxd6 32. Bxe5 Qd3 33. Qb2 Rxh3+ 34.
gxh3 Ne6 35. Qf2 f5 36. Qh4 Qd2+ 37. Nf2 Ng7 38. Bxg7 Kxg7 39. Qe7+ Kh6 40. Kg3
Qc1 41. exf5 Qg1+ 42. Kf4 Qc1+ 43. Ke5 Qe3+ 44. Ne4 Qd4+ 45. Ke6 Bxe4 46. Qh4+
Kg7 47. f6+ Kg8 48. fxe4 1-0

[Event "Europa ch 2014"]
[Site "Yerevan ARM"]
[Date "2014.03.12"]
[Round "9.12"]
[White "Nigalidze, Gaioz"]
[Black "Zvjaginsev, Vadim"]
[Result "1/2-1/2"]
[WhiteElo "2527"]
[BlackElo "2653"]
[PlyCount "67"]
[EventDate "2014.03.03"]
[EventType "swiss"]
[EventRounds "11"]
[EventCountry "ARM"]
[Source "lmi"]
[SourceDate "2014.03.02"]

1. d4 e6 2. c4 Nf6 3. Nf3 d5 4. Nc3 Be7 5. Bf4 O-O 6. e3 Nbd7 7. cxd5 Nxd5 8.
Nxd5 exd5 9. a3 c5 10. dxc5 Nxc5 11. Be5 Bf5 12. Be2 Be4 13. O-O Qb6 14. Nd2
Bf5 15. b4 Ne4 16. Nxe4 dxe4 17. Qb3 Bf6 18. Bxf6 Qxf6 19. Rfd1 Rad8 20. Rxd8
Rxd8 21. Rd1 Rxd1+ 22. Qxd1 g6 23. Qc1 Qe5 24. g3 Bh3 25. Bf1 Bxf1 26. Kxf1 Kg7
27. Kg2 h5 28. Qc8 Qf6 29. Qxb7 Qf3+ 30. Kg1 Qd1+ 31. Kg2 Qf3+ 32. Kg1 Qd1+ 33.
Kg2 Qf3+ 34. Kg1 1/2-1/2

[Event "Europa ch 2014"]
[Site "Yerevan ARM"]
[Date "2014.03.12"]
[Round "9.31"]
[White "Neverov, Valeriy"]
[Black "Shimanov, Aleksandr"]
[Result "1/2-1/2"]
[WhiteElo "2508"]
[BlackElo "2649"]
[PlyCount "181"]
[EventDate "2014.03.03"]
[EventType "swiss"]
[EventRounds "11"]
[EventCountry "ARM"]
[Source "lmi"]
[SourceDate "2014.03.02"]

1. d4 d6 2. e4 Nf6 3. f3 g6 4. c4 Bg7 5. Nc3 O-O 6. Nge2 a6 7. Be3 Nc6 8. Qd2
Na5 9. b3 b5 10. cxb5 axb5 11. Rc1 c6 12. Nf4 Nd7 13. Be2 e5 14. dxe5 Nxe5 15.
O-O Nb7 16. Rfd1 Qe7 17. a4 Na5 18. Rb1 bxa4 19. Nxa4 Nxb3 20. Qb4 Na5 21. Nb6
c5 22. Qd2 Ra7 23. Qxd6 Qxd6 24. Rxd6 Ba6 25. Bxa6 Rxa6 26. Nc8 Rxd6 27. Nxd6
c4 28. Nd5 Rd8 29. Nb5 Nb3 30. Na3 Rb8 31. Bf4 Ra8 32. Nxc4 Nxc4 33. Rxb3 Bd4+
34. Kf1 Ra2 35. Rb4 Rc2 36. Ke1 Bc5 37. Rb8+ Kg7 38. Rc8 Nb2 39. Be5+ Kh6 40.
Bf4+ Kg7 41. Be3 Rc4 42. Bxc5 Rxc5 43. Rxc5 Nd3+ 44. Kd2 Nxc5 45. Ke3 h5 46. f4
Ne6 47. g3 Nc5 48. e5 Ne6 49. Nc3 Kf8 50. Ne4 Ke7 51. Nf6 Ng7 52. Ke4 Ne6 53.
f5 Nc5+ 54. Kd4 Nb3+ 55. Kc3 Na5 56. Kd4 Nb3+ 57. Kd5 Nd2 58. Ne4 Nf1 59. f6+
Kd7 60. Ng5 Ke8 61. Kd6 Ne3 62. e6 Nf5+ 63. Ke5 fxe6 64. Nxe6 Ne3 65. Kf4 Ng4
66. Kg5 Ne5 67. h3 Kf7 68. Nd8+ Ke8 69. Nb7 Kf7 70. Nd6+ Ke6 71. Ne4 Kf7 72.
Nd6+ Ke6 73. Ne4 Kf7 74. g4 hxg4 75. hxg4 Nd7 76. Nd6+ Ke6 77. Ne4 Kf7 78. Nd6+
Ke6 79. Kxg6 Nxf6 80. g5 Nd5 81. Ne4 Nf4+ 82. Kh6 Kf7 83. Kh7 Kf8 84. Nd6 Ke7
85. Nf5+ Ke6 86. Nh6 Ke7 87. Ng4 Ke6 88. Ne3 Ke7 89. Nf5+ Ke6 90. Nh4 Kf7 91.
g6+ 1/2-1/2

[Event "Europa ch 2014"]
[Site "Yerevan ARM"]
[Date "2014.03.12"]
[Round "9.32"]
[White "Lupulescu, Constantin"]
[Black "Raznikov, Danny"]
[Result "1-0"]
[WhiteElo "2643"]
[BlackElo "2490"]
[PlyCount "121"]
[EventDate "2014.03.03"]
[EventType "swiss"]
[EventRounds "11"]
[EventCountry "ARM"]
[Source "lmi"]
[SourceDate "2014.03.02"]

1. d4 d5 2. c4 c6 3. Nf3 Nf6 4. Nc3 dxc4 5. a4 Bf5 6. Ne5 Nbd7 7. Nxc4 Qc7 8.
g3 e5 9. dxe5 Nxe5 10. Bf4 Nfd7 11. Bg2 g5 12. Nxe5 gxf4 13. Nxd7 O-O-O 14. Qd4
Qxd7 15. Qxf4 Bd6 16. Qc1 Kb8 17. O-O a5 18. Qh6 Qe6 19. Qxe6 Bxe6 20. Rfd1 Be5
21. Be4 h6 22. Bc2 Kc7 23. Kf1 Rxd1+ 24. Rxd1 Rb8 25. Ra1 Kb6 26. Ne4 Kc7 27.
Rb1 Ba2 28. Ra1 Be6 29. Nc3 Kb6 30. Ke1 Kc5 31. Ra3 Kb4 32. Na2+ Kc5 33. Nc3
Kb4 34. Kd2 Rd8+ 35. Kc1 Bd4 36. e3 Bg7 37. Na2+ Kc5 38. Nc3 Rd7 39. Be4 Kb4
40. Na2+ Kc5 41. Kc2 Kb6 42. Nc1 Bc4 43. Bd3 Be6 44. Ne2 Be5 45. Nf4 Bxf4 46.
exf4 Kc5 47. Kc3 Bd5 48. Ra1 Re7 49. g4 f6 50. h4 Rg7 51. Rg1 b5 52. g5 fxg5
53. fxg5 hxg5 54. Rxg5 Rf7 55. Rf5 b4+ 56. Kd2 Re7 57. h5 Re6 58. Rf8 Kd4 59.
Bg6 c5 60. Rf4+ Ke5 61. Rf5+ 1-0

[Event "Europa ch 2014"]
[Site "Yerevan ARM"]
[Date "2014.03.12"]
[Round "9.33"]
[White "Rozum, Ivan"]
[Black "Kuzubov, Yuriy"]
[Result "1/2-1/2"]
[WhiteElo "2505"]
[BlackElo "2642"]
[PlyCount "87"]
[EventDate "2014.03.03"]
[EventType "swiss"]
[EventRounds "11"]
[EventCountry "ARM"]
[Source "lmi"]
[SourceDate "2014.03.02"]

1. d4 Nf6 2. c4 g6 3. Nc3 Bg7 4. e4 O-O 5. Nf3 d6 6. Be2 c5 7. O-O cxd4 8. Nxd4
Nc6 9. Be3 Bd7 10. f3 Nxd4 11. Bxd4 a5 12. Nd5 Nxd5 13. exd5 Bxd4+ 14. Qxd4 Qc7
15. Rfe1 Qc5 16. Qxc5 dxc5 17. f4 Rfb8 18. Bf3 Kf8 19. Re3 Ra6 20. Rae1 Re8 21.
Rb3 b6 22. Rbe3 Ra7 23. R1e2 h5 24. h3 h4 25. Bg4 f5 26. Bf3 a4 27. a3 Ra5 28.
Rc2 Kf7 29. Be2 Kf6 30. Bd3 e5 31. dxe6 Rxe6 32. Rxe6+ Bxe6 33. Be2 Ra8 34. Rd2
Ke7 35. Kf2 Rb8 36. g3 hxg3+ 37. Kxg3 Bd7 38. Bf3 Be6 39. Bd5 Bxd5 40. Rxd5 Ke6
41. Kh4 Rh8+ 42. Kg3 Rb8 43. Kh4 Rh8+ 44. Kg3 1/2-1/2

[Event "Europa ch 2014"]
[Site "Yerevan ARM"]
[Date "2014.03.12"]
[Round "9.35"]
[White "Kovalenko, Igor"]
[Black "Esen, Baris"]
[Result "0-1"]
[WhiteElo "2626"]
[BlackElo "2563"]
[PlyCount "80"]
[EventDate "2014.03.03"]
[EventType "swiss"]
[EventRounds "11"]
[EventCountry "ARM"]
[Source "lmi"]
[SourceDate "2014.03.02"]

1. Nf3 d5 2. c4 c6 3. e3 Nf6 4. Nc3 e6 5. b3 Bd6 6. d4 Ne4 7. Nxe4 dxe4 8. Nd2
f5 9. Bb2 O-O 10. c5 Bc7 11. Bc4 Qh4 12. Qc2 b5 13. cxb6 axb6 14. a4 Kh8 15.
Qc3 Qh6 16. Be2 Re8 17. f4 Bb7 18. g4 fxg4 19. Nxe4 c5 20. Ng5 Qh4+ 21. Kd2
Bxh1 22. dxc5 Re7 23. Rxh1 Nd7 24. Nxe6 Nf6 25. Qc4 Rae8 26. f5 Qf2 27. e4 Qg2
28. Rd1 Nxe4+ 29. Kc1 Nf6 30. cxb6 Bxb6 31. Kb1 Qxh2 32. Bxg4 Bc7 33. Re1 Qg3
34. Re4 Nxe4 35. Qxe4 Qxb3 36. Kc1 Rc8 37. Kb1 Rb8 38. Qe2 Ba5 39. f6 gxf6 40.
Kc1 Bc3 0-1

[Event "Europa ch 2014"]
[Site "Yerevan ARM"]
[Date "2014.03.12"]
[Round "9.36"]
[White "Potkin, Vladimir"]
[Black "Kalashian, David"]
[Result "1-0"]
[WhiteElo "2625"]
[BlackElo "2380"]
[PlyCount "91"]
[EventDate "2014.03.03"]
[EventType "swiss"]
[EventRounds "11"]
[EventCountry "ARM"]
[Source "lmi"]
[SourceDate "2014.03.02"]

1. d4 c6 2. Nf3 g6 3. e4 Bg7 4. Nc3 d6 5. Be2 Nf6 6. O-O O-O 7. a4 Nbd7 8. Be3
e5 9. dxe5 dxe5 10. Nd2 Qe7 11. Nc4 Nc5 12. Qd6 Qxd6 13. Nxd6 Ne6 14. Rfd1 Nd4
15. Bxd4 exd4 16. Rxd4 Nd7 17. Rdd1 Nc5 18. a5 Rd8 19. Bc4 Be6 20. Bxe6 fxe6
21. f4 g5 22. fxg5 Be5 23. Nc4 Bd4+ 24. Kh1 Bxc3 25. bxc3 Nxe4 26. Re1 Nxg5 27.
h4 Nf7 28. Rxe6 Re8 29. Rae1 Kf8 30. g4 Rxe6 31. Rxe6 Re8 32. Rxe8+ Kxe8 33.
Kg2 Ke7 34. Kf3 Ke6 35. Ke4 Nh6 36. Ne5 Ng8 37. g5 Ne7 38. Nd3 Kf7 39. c4 b6
40. a6 Ke6 41. h5 c5 42. Ne5 Nf5 43. h6 Ng3+ 44. Kf3 Nf5 45. Kf4 Ne7 46. g6 1-0

[Event "Europa ch 2014"]
[Site "Yerevan ARM"]
[Date "2014.03.12"]
[Round "9.37"]
[White "Stukopin, Andrey"]
[Black "Malakhov, Vladimir"]
[Result "1/2-1/2"]
[WhiteElo "2544"]
[BlackElo "2717"]
[PlyCount "75"]
[EventDate "2014.03.03"]
[EventType "swiss"]
[EventRounds "11"]
[EventCountry "ARM"]
[Source "lmi"]
[SourceDate "2014.03.02"]

1. e4 g6 2. d4 Bg7 3. Nc3 d6 4. f4 a6 5. Nf3 b5 6. Bd3 Nd7 7. a4 b4 8. Nd5 a5
9. O-O Bb7 10. c3 e6 11. Ne3 Ngf6 12. e5 Nd5 13. Ng5 Nxe3 14. Bxe3 Qe7 15. cxb4
axb4 16. Qc2 Rc8 17. a5 O-O 18. a6 Ba8 19. Ne4 Nb6 20. Rfc1 f5 21. Nd2 Nd5 22.
Nc4 Rcd8 23. Qf2 g5 24. Be2 Kh8 25. Bd2 dxe5 26. Nxe5 Bxe5 27. fxe5 g4 28. Rc5
Rg8 29. Bc4 Rg7 30. Bxd5 Rxd5 31. Bxb4 Rxc5 32. dxc5 Qd7 33. Qd2 Qc6 34. Qd8+
Rg8 35. Qf6+ Rg7 36. Qd8+ Rg8 37. Qf6+ Rg7 38. Qd8+ 1/2-1/2

[Event "Europa ch 2014"]
[Site "Yerevan ARM"]
[Date "2014.03.12"]
[Round "9.38"]
[White "Volokitin, Andrei"]
[Black "Mastrovasilis, Athanasios"]
[Result "0-1"]
[WhiteElo "2674"]
[BlackElo "2554"]
[PlyCount "66"]
[EventDate "2014.03.03"]
[EventType "swiss"]
[EventRounds "11"]
[EventCountry "ARM"]
[Source "lmi"]
[SourceDate "2014.03.02"]

1. d4 Nf6 2. c4 e6 3. g3 c5 4. d5 exd5 5. cxd5 d6 6. Nc3 g6 7. Bg2 Bg7 8. Nf3
O-O 9. O-O a6 10. a4 Re8 11. Bf4 Nh5 12. Bd2 Nd7 13. e4 Ne5 14. Nxe5 Bxe5 15.
a5 Bd7 16. Qb3 Rb8 17. Ra2 b5 18. axb6 Qxb6 19. Qxb6 Rxb6 20. Rfa1 Reb8 21. Bc1
Nf6 22. f3 Bd4+ 23. Kh1 Ne8 24. Bf1 Nc7 25. Nd1 f5 26. Ne3 fxe4 27. fxe4 Rf8
28. Kg2 Rb4 29. Bxa6 Nxa6 30. Rxa6 Bxb2 31. Bxb2 Rxb2+ 32. Kg1 Re2 33. R1a3 Bh3
0-1

[Event "Europa ch 2014"]
[Site "Yerevan ARM"]
[Date "2014.03.12"]
[Round "9.39"]
[White "Prizant, Jaroslav"]
[Black "Khairullin, Ildar"]
[Result "0-1"]
[WhiteElo "2534"]
[BlackElo "2657"]
[PlyCount "122"]
[EventDate "2014.03.03"]
[EventType "swiss"]
[EventRounds "11"]
[EventCountry "ARM"]
[Source "lmi"]
[SourceDate "2014.03.02"]

1. Nf3 d5 2. e3 Nf6 3. c4 c6 4. Nc3 e6 5. d4 a6 6. Qc2 Nbd7 7. b3 Bd6 8. Bb2
O-O 9. Be2 b6 10. O-O Bb7 11. e4 dxe4 12. Nxe4 Nxe4 13. Qxe4 Nf6 14. Qc2 Qe7
15. Rad1 h6 16. Rfe1 Ba3 17. Bxa3 Qxa3 18. c5 bxc5 19. Qxc5 Qxc5 20. dxc5 Nd5
21. Ne5 a5 22. a3 Rfc8 23. Bc4 Rc7 24. Nf3 Ba6 25. h4 Bxc4 26. bxc4 Nc3 27. Rd6
Na4 28. Ne5 Nxc5 29. Rxc6 Rxc6 30. Nxc6 Ra6 31. Nd4 Rd6 32. Nb5 Rd2 33. Rc1 Kf8
34. Rc3 Rd1+ 35. Kh2 h5 36. f3 Ke7 37. Rc2 Rd3 38. Kg1 e5 39. Nc3 Rd4 40. Ne2
Rd3 41. Rc3 Rd1+ 42. Kf2 f5 43. g3 Kd6 44. Rc2 Rd3 45. Rc3 Rxc3 46. Nxc3 Nd3+
47. Ke2 Nb2 48. g4 hxg4 49. fxg4 fxg4 50. Ne4+ Kc6 51. Nd2 a4 52. Kf2 Kc5 53.
Ne4+ Kd4 54. Ng5 Nxc4 55. Ne6+ Kd3 56. Nxg7 e4 57. Ne6 e3+ 58. Kg3 Nxa3 59.
Nc5+ Kc2 60. h5 Nc4 61. h6 Ne5 0-1

[Event "Europa ch 2014"]
[Site "Yerevan ARM"]
[Date "2014.03.12"]
[Round "9.40"]
[White "Paichadze, Luka"]
[Black "Socko, Bartosz"]
[Result "0-1"]
[WhiteElo "2529"]
[BlackElo "2654"]
[PlyCount "58"]
[EventDate "2014.03.03"]
[EventType "swiss"]
[EventRounds "11"]
[EventCountry "ARM"]
[Source "lmi"]
[SourceDate "2014.03.02"]

1. e4 c5 2. b3 Nc6 3. Bb2 d6 4. Bb5 Bd7 5. f4 e5 6. Nf3 exf4 7. d3 Nge7 8. Qd2
Ng6 9. O-O a6 10. Bc4 Nce5 11. Bd5 Rb8 12. d4 cxd4 13. Nxd4 Be7 14. Nc3 O-O 15.
Nce2 Bg5 16. Qb4 Bg4 17. Ba3 a5 18. Qxd6 Nd7 19. Rxf4 Nxf4 20. Nxf4 Bf6 21.
Nde6 Bxe6 22. Nxe6 Qb6+ 23. Qxb6 Nxb6 24. Rf1 Rfc8 25. Nf4 Rxc2 26. Nd3 Rd8 27.
Rf5 Nxd5 28. exd5 Rd2 29. Nc5 Bd4+ 0-1

[Event "Europa ch 2014"]
[Site "Yerevan ARM"]
[Date "2014.03.12"]
[Round "9.41"]
[White "Quparadze, Giga"]
[Black "Ragger, Markus"]
[Result "1/2-1/2"]
[WhiteElo "2507"]
[BlackElo "2644"]
[PlyCount "117"]
[EventDate "2014.03.03"]
[EventType "swiss"]
[EventRounds "11"]
[EventCountry "ARM"]
[Source "lmi"]
[SourceDate "2014.03.02"]

1. e4 e5 2. Nf3 Nc6 3. Bb5 a6 4. Ba4 Nf6 5. O-O Be7 6. Re1 b5 7. Bb3 O-O 8. h3
Bb7 9. d3 d5 10. exd5 Nxd5 11. Nxe5 Nd4 12. Nc3 Nb4 13. Be3 Nxb3 14. axb3 Bd6
15. d4 Bxe5 16. dxe5 Qxd1 17. Raxd1 Nxc2 18. Re2 Nxe3 19. Rxe3 Rfd8 20. Red3
Rxd3 21. Rxd3 Kf8 22. b4 Ke7 23. f3 Rc8 24. f4 c5 25. bxc5 Rxc5 26. Rd6 Bc6 27.
Ne2 a5 28. Nd4 Bd7 29. Nb3 Rc4 30. Nxa5 Rxf4 31. Nb3 Rc4 32. Nd4 Rc5 33. Nf3
Rc2 34. b3 Rc3 35. Nd4 Rc5 36. Nf3 Be6 37. Rd3 Bf5 38. Re3 Rd5 39. Rc3 h6 40.
Rc7+ Bd7 41. Rc3 Bf5 42. Rc7+ Ke6 43. Rc6+ Kd7 44. Ra6 Be4 45. Ra7+ Ke6 46.
Ra6+ Kf5 47. Ra7 Rd1+ 48. Kf2 Ke6 49. Ra6+ Ke7 50. Rb6 Rd5 51. Rb7+ Ke6 52.
Rxb5 Rxb5 53. Nd4+ Kxe5 54. Nxb5 Bc2 55. b4 Bd3 56. Nc3 Kd4 57. Nd1 g6 58. Ne3
f5 59. g3 1/2-1/2

[Event "Europa ch 2014"]
[Site "Yerevan ARM"]
[Date "2014.03.12"]
[Round "9.42"]
[White "Petrosian, Tigran L"]
[Black "Kotanjian, Tigran"]
[Result "1-0"]
[WhiteElo "2639"]
[BlackElo "2531"]
[PlyCount "55"]
[EventDate "2014.03.03"]
[EventType "swiss"]
[EventRounds "11"]
[EventCountry "ARM"]
[Source "lmi"]
[SourceDate "2014.03.02"]

1. Nf3 c5 2. g3 Nc6 3. c4 g6 4. Bg2 Bg7 5. Nc3 e6 6. d4 Nxd4 7. Nxd4 cxd4 8.
Ne4 Ne7 9. Nd6+ Kf8 10. Qb3 Nc6 11. O-O h5 12. Bf4 Kg8 13. c5 h4 14. Rac1 b6
15. Qf3 h3 16. Bh1 e5 17. Bxe5 Qe7 18. Bxg7 Kxg7 19. Qg4 Qf6 20. Qe4 Ba6 21.
Qf3 Qe7 22. Qa3 Bxe2 23. Rfe1 bxc5 24. Qxc5 Kh7 25. Be4 d3 26. Bxd3 Bxd3 27.
Rxe7 Nxe7 28. Qe3 1-0

[Event "Europa ch 2014"]
[Site "Yerevan ARM"]
[Date "2014.03.12"]
[Round "9.43"]
[White "Zoler, Dan"]
[Black "Postny, Evgeny"]
[Result "0-1"]
[WhiteElo "2504"]
[BlackElo "2635"]
[PlyCount "140"]
[EventDate "2014.03.03"]
[EventType "swiss"]
[EventRounds "11"]
[EventCountry "ARM"]
[Source "lmi"]
[SourceDate "2014.03.02"]

1. d4 d5 2. c4 c6 3. Nf3 Nf6 4. Qb3 dxc4 5. Qxc4 Bg4 6. Nc3 Nbd7 7. e4 Bxf3 8.
gxf3 e5 9. Be3 exd4 10. Bxd4 Bd6 11. O-O-O Qe7 12. Ne2 Bc5 13. Rg1 Bxd4 14.
Nxd4 g6 15. Qc3 O-O-O 16. Ba6 Qc5 17. Qxc5 Nxc5 18. Bc4 Rhf8 19. Rg5 Ncd7 20.
Ra5 Nb6 21. Bb3 Kb8 22. Re5 Rd7 23. Nc2 Nc8 24. Ne3 Rxd1+ 25. Bxd1 Nd7 26. Ra5
Nd6 27. Rg5 Re8 28. h4 h6 29. Rg1 Re5 30. Bc2 Re6 31. Bb3 Rf6 32. Ng4 Rf4 33.
e5 Nb5 34. Bxf7 Rxf7 35. e6 Nd4 36. exd7 Rxd7 37. Re1 Nxf3 38. Re8+ Kc7 39.
Nxh6 Nxh4 40. Rg8 Rd8 41. Rg7+ Rd7 42. Rg8 Rd4 43. Rg7+ Kb6 44. Ng8 Rf4 45. Ne7
Ka6 46. Rh7 g5 47. Rh5 Nf3 48. Rh3 g4 49. Rg3 Kb6 50. Ng8 Kc7 51. Kd1 Kd6 52.
Ke2 Ne5 53. Ke3 Rb4 54. b3 Ke6 55. Rg1 a5 56. Rh1 a4 57. bxa4 Rxa4 58. Rh7 b5
59. Re7+ Kd6 60. Re8 Rxa2 61. Nf6 Nc4+ 62. Kd3 Kc5 63. Ne4+ Kb4 64. Rc8 Ra7 65.
Kc2 Re7 66. Nc3 Rf7 67. Ne4 Rf4 68. Re8 c5 69. Kd3 Rf5 70. Rb8 Nd6 0-1

[Event "Europa ch 2014"]
[Site "Yerevan ARM"]
[Date "2014.03.12"]
[Round "9.44"]
[White "Ivanisevic, Ivan"]
[Black "Oral, Tomas"]
[Result "1-0"]
[WhiteElo "2633"]
[BlackElo "2528"]
[PlyCount "59"]
[EventDate "2014.03.03"]
[EventType "swiss"]
[EventRounds "11"]
[EventCountry "ARM"]
[Source "lmi"]
[SourceDate "2014.03.02"]

1. d4 Nf6 2. c4 g6 3. f3 e6 4. Nc3 d5 5. Bg5 h6 6. Bh4 Bg7 7. e4 dxe4 8. fxe4
g5 9. Bg3 c5 10. d5 exd5 11. cxd5 O-O 12. Be2 Qa5 13. Qd2 b5 14. e5 b4 15. exf6
bxc3 16. bxc3 Bxf6 17. Rc1 Re8 18. Nf3 g4 19. O-O gxf3 20. Bxf3 Nd7 21. Bh5 Ba6
22. Qxh6 Bxf1 23. Rxf1 Qb6 24. Bxf7+ Kxf7 25. Qh7+ Kf8 26. Bf4 c4+ 27. Kh1 Re2
28. d6 Qf2 29. Bh6+ Bg7 30. Rxf2+ 1-0

[Event "Europa ch 2014"]
[Site "Yerevan ARM"]
[Date "2014.03.12"]
[Round "9.46"]
[White "Pantsulaia, Levan"]
[Black "Lie, Kjetil A"]
[Result "1/2-1/2"]
[WhiteElo "2606"]
[BlackElo "2509"]
[PlyCount "88"]
[EventDate "2014.03.03"]
[EventType "swiss"]
[EventRounds "11"]
[EventCountry "ARM"]
[Source "lmi"]
[SourceDate "2014.03.02"]

1. Nf3 c5 2. c4 g6 3. d4 cxd4 4. Nxd4 Bg7 5. e4 Nc6 6. Be3 Nf6 7. Nc3 Ng4 8.
Qxg4 Nxd4 9. Qd1 e5 10. Nb5 O-O 11. Be2 Qb6 12. O-O a6 13. Nxd4 exd4 14. Bc1 d6
15. Bd3 f5 16. b3 fxe4 17. Bxe4 Bf5 18. Bd5+ Kh8 19. Bb2 Rae8 20. Re1 Bd7 21.
Qd2 Bc6 22. Rxe8 Rxe8 23. Re1 Rxe1+ 24. Qxe1 Bxd5 25. cxd5 Be5 26. Qe4 Qb4 27.
f4 Bf6 28. g4 h6 29. Qd3 Kg7 30. Kf2 Qc5 31. Qc4 b5 32. Qxc5 dxc5 33. Kf3 c4
34. bxc4 bxc4 35. g5 hxg5 36. fxg5 Be5 37. Ke4 c3 38. Bc1 Kf7 39. h4 Ke7 40.
Ba3+ Bd6 41. Bc1 Bc5 42. Bf4 Bd6 43. Bc1 Bc5 44. Bf4 Bd6 1/2-1/2

[Event "Europa ch 2014"]
[Site "Yerevan ARM"]
[Date "2014.03.12"]
[Round "9.47"]
[White "Zhigalko, Andrey"]
[Black "Antipov, Mikhail Al"]
[Result "1-0"]
[WhiteElo "2603"]
[BlackElo "2507"]
[PlyCount "59"]
[EventDate "2014.03.03"]
[EventType "swiss"]
[EventRounds "11"]
[EventCountry "ARM"]
[Source "lmi"]
[SourceDate "2014.03.02"]

1. c4 Nf6 2. Nc3 c5 3. Nf3 e6 4. e3 d5 5. cxd5 Nxd5 6. Bc4 Nb6 7. Bb3 Be7 8. d4
cxd4 9. exd4 O-O 10. O-O Bd7 11. Qe2 Bc6 12. Rd1 Nd5 13. Rd3 Nb4 14. Re3 Nd5
15. Re5 Bd6 16. Rh5 Nf6 17. Rh3 Bxf3 18. Qxf3 Nc6 19. Be3 Be7 20. Rd1 Qa5 21.
g4 g6 22. g5 Nh5 23. d5 exd5 24. Rxd5 Qc7 25. Rxh5 gxh5 26. Qxh5 Nb4 27. Rf5
Qd6 28. Rxf7 Rxf7 29. Qxf7+ Kh8 30. Nb5 1-0